| 000 | 01129nam0a22002531i 4500 | ||
|---|---|---|---|
| 001 | rc\4304735 | ||
| 005 | 20240724130417.0 | ||
| 021 |
_aRU _b[64-41395] |
||
| 035 | _a(NLR Aleph) 008504353 | ||
| 090 |
_a8129128 _c8129128 |
||
| 100 | _a20130416d1964 |||y0rusy50 ca | ||
| 101 | 0 | _arus | |
| 102 | _aRU | ||
| 105 | _ay d ||||| | ||
| 200 | 1 |
_aПодкорковые механизмы сложных двигательных рефлексов _e(К сравнит. физиологии подкорковых образований головного мозга) _eАвтореферат дис. на соискание учен. степени доктора мед. наук _fИн-т эксперим. медицины |
|
| 210 |
_aЛенинград _d1964 |
||
| 215 | _a37 с. | ||
| 320 | _aСписок работ автора, в конце текста (10 назв.) | ||
| 606 |
_aРефлексы безусловные _xДвигательные _2psbo |
||
| 700 | 1 |
_aВедяев _bФ.П. _gФедор Петрович |
|
| 801 | 0 |
_aRU _bNLR _gpsbo |
|
| 801 | 1 |
_aRU _bELAR _2rusmarc |
|
| 852 |
_aNLR _j64-4/13071 |
||
| 942 | _cBOOK | ||